Namenstage Dezember - Statistiken

Allgemein
  • Dieses Quiz wurde 12 mal gespielt
  • Das Durchschnittsergebnis liegt bei 69 aus 122
Antwortstatistiken
Tag\Dez. 📍 Vorname(n) % Korrekt
D.v.d ♂️ David
100%
29. Dezember D.v.d ♂️ David*
100%
2. Dezember J.h.n..s ♂️ Johannes
100%
J.h.n..s ♂️ Johannes*
100%
9. Dezember Ab.l ♂️ Abel
89%
B.u.o ♂️ Bruno
89%
3. Dezember Em.a ♀️ Emma
89%
28. Dezember H..m..n ♂️ Hermann
89%
J.h.n.a ♀️ Johanna
89%
N.c..a ♀️ Nicola
89%
R.c.a.d ♂️ Richard
89%
X.v.r ♂️ Xaver
89%
19. Dezember Ad.m ♂️ Adam
78%
24. Dezember Ad.m ♂️ Adam*
78%
16. Dezember Ad..h..d ♀️ Adelheid
78%
25. Dezember An..t.s.a ♀️ Anastasia
78%
C.r..t..n ♂️ Christian
78%
23. Dezember D.g.b..t ♂️ Dagobert
78%
D.n..l ♂️ Daniel
78%
D..t.r ♂️ Dieter
78%
8. Dezember Ed..h ♀️ Edith
78%
E.a ♀️ Eva
78%
Ev.l.n ♀️ Evelin
78%
30. Dezember F.l.x ♂️ Felix
78%
K.r.n ♀️ Karin
78%
K.t..r..a ♀️ Katharina
78%
M.n..l ♂️ Manuel
78%
M..g.t ♀️ Margot
78%
N.t.l.a ♀️ Natalia
78%
N.t.l.e ♀️ Natalie
78%
N.k..s ♂️ Niklas
78%
N.k.l..s ♂️ Nikolaus
78%
Ot.o ♂️ Otto
78%
21. Dezember P.t.r ♂️ Peter
78%
T.m..a ♀️ Tamara
78%
T..m.s ♂️ Thomas
78%
T..m.s ♂️ Thomas*
78%
4. Dezember B..b..a ♀️ Barbara
67%
B..j.m.n ♂️ Benjamin
67%
13. Dezember B.n.o ♂️ Benno
67%
5. Dezember H..w.g ♂️ Herwig
67%
J.n..a ♀️ Janina
67%
J.n.t..n ♂️ Jonathan
67%
J.l.a ♀️ Julia
67%
K..r.d ♂️ Konrad
67%
L.c.a | L.z.a ♀️ Lucia | Luzia
67%
Ni.a ♀️ Nina
67%
P.t..s ♂️ Petrus
67%
P.t..s ♂️ Petrus*
67%
18. Dezember P..l..p ♂️ Philipp
67%
R.g..a ♀️ Regina
67%
R.i.h..d ♂️ Reinhard
67%
26. Dezember S..f.n ♂️ Stefan
67%
S..f..n ♂️ Steffen
67%
10. Dezember A.g.l..a ♀️ Angelina
56%
C.a.l.s ♂️ Charles
56%
12. Dezember D..t.i.h ♂️ Dietrich
56%
D..t.i.h ♂️ Dietrich*
56%
E.f..e.e ♀️ Elfriede
56%
F.a.z ♂️ Franz
56%
H.n.o ♂️ Hanno
56%
20. Dezember H.i.r..h ♂️ Heinrich
56%
H..b..t ♂️ Herbert
56%
H..g.r ♂️ Holger
56%
J.c.u.l..e ♀️ Jacqueline
56%
22. Dezember J.t.a ♀️ Jutta
56%
L.c..s ♂️ Lucius
56%
M.l.n.e ♀️ Melanie
56%
N.t.s..a ♀️ Natascha
56%
N.e.s | Ni.s ♂️ Niels | Nils
56%
No.h ♂️ Noah
56%
Ot..l.e ♀️ Ottilie
56%
V..g.n.a ♀️ Virginia
56%
A.o ♂️ Ado
44%
Al..e ♀️ Alice
44%
11. Dezember A.t..r ♂️ Arthur
44%
17. Dezember B.u.h..d ♀️ Brunhild
44%
31. Dezember C.t..r..e ♀️ Catherine
44%
15. Dezember C.r..t.a.e ♀️ Christiane
44%
C.r..t..a ♀️ Christina
44%
6. Dezember C.l.n ♂️ Colin
44%
E.m..d ♂️ Edmund
44%
F.a.c.s ♂️♀️ Francis
44%
I.o ♂️ Ivo
44%
J.s.i.a ♀️ Jessica
44%
L.t..r ♂️ Lothar
44%
L.t..r ♂️ Lothar*
44%
L.c.e | L.z.e ♀️ Lucie | Luzie
44%
N.c..e ♀️ Nicole
44%
R.b.n ♂️ Ruben
44%
S..p..n.e ♀️ Stephanie
44%
U.b.n ♂️ Urban
44%
V..t.r.a ♀️ Viktoria
44%
X.v.r.a ♀️ Xaveria
44%
1. Dezember B.a..a ♀️ Bianca
33%
27. Dezember F.b.o.a ♀️ Fabiola
33%
G.r..d ♂️ Gerald
33%
H.i.i ♀️ Heidi
33%
J.l..s ♂️ Julius
33%
K.a.s ♂️ Klaus
33%
M.r..n ♂️♀️ Marian
33%
T.s.i.o ♂️ Tassilo
33%
T.o.s..n | T..s..n ♂️ Thorsten | Torsten
33%
14. Dezember B.r.h..d ♂️ Berthold
22%
El.e ♀️ Elke
22%
Od.l.a ♀️ Odilia
22%
P.e..e ♂️ Pierre
22%
W..d.s..w ♂️ Wladyslaw
22%
H.r.m..n ♂️ Hartmann
11%
J.b.t ♂️ Jobst
11%
S..v..t.r ♂️ Silvester
11%
Ad..r ♀️ Adele
0%
7. Dezember A.b..s..s ♂️ Ambrosius
0%
E.l.l.a ♀️ Eulalia
0%
J.d.k ♂️ Jodok
0%
J.l.n.a ♀️ Jolanda
0%
J.l.n.e ♀️ Jolante
0%
N.h.m ♂️ Nahom
0%
Z.t.c.s ♂️ Zoticus
0%
Keine übereinstimmenden Quizze gefunden
Verteilung der Resultate
Anzahl Personen mit jedem Resultat
Perzentil nach korrekt beantworteten Fragen
Ihre Resultats-Entwicklung
Sie haben dieses Quiz noch nicht gespielt